Promotion of Products in Retro-designed Packaging
Nové trendy retro marketingu. Ponuka tradičných produktov v retroobaloch. Výsledky výzkumu zameraného na marketingovú komunikáciu o produktoch v retroobaloch.
Saved in:
| Main Author: | |
|---|---|
| Other Authors: | |
| Format: | Book Chapter |
| Language: | English |
| Subjects: | |
| Tags: |
No Tags, Be the first to tag this record!
|
MARC
| LEADER | 00000naa a2200000 4500 | ||
|---|---|---|---|
| 001 | 0256263 | ||
| 005 | 20220722104243.8 | ||
| 041 | 0 | |a eng | |
| 044 | |a SK | ||
| 245 | 1 | 0 | |a Promotion of Products in Retro-designed Packaging |c Iveta Broučková, Eva Jaderná |
| 520 | |a Nové trendy retro marketingu. Ponuka tradičných produktov v retroobaloch. Výsledky výzkumu zameraného na marketingovú komunikáciu o produktoch v retroobaloch. | ||
| 610 | 2 | 0 | |a komunikácia marketingová |
| 610 | 2 | 0 | |a stratégia marketingová |
| 610 | 2 | 0 | |a obaly |
| 610 | 2 | 0 | |a história |
| 610 | 2 | 0 | |a prieskum marketingový |
| 610 | 2 | 0 | |a spotrebitelia |
| 100 | 1 | |a Broučková, Iveta | |
| 700 | 1 | |a Jaderná, Eva | |